=LDR 00000nam 2200000 4500 =001 INLIS000000000031561 =005 20130612133627 =008 ***********************************ind** =035 ##$$a0010-061300000031561 =041 ##$$a ind =082 ##$$a 813 =090 ##$$a 813, Elh, d =100 ##$$a EL HAKIM, Taufiq =245 ##$$a Dalam Perjamuan Cinta =260 ##$$a 2008 $b Jakarta =300 ##$$a 154 hlm. , 21 cm =650 ##$$a FIKSI DEWASA =850 ##$$a NBPNMAT =990 ##$$a 21195553/BPAP-NTB/2014